000 00279nam a22001337a 4500
008 180806b xxu||||| |||| 00| 0 eng d
082 _a813.52
245 _aAventuras
_cDISC
260 _c2007
300 _a1
_fcd
440 _x15993349882
760 _b2 nd
942 _2ddc
_cMX
999 _c46827
_d46827